000 00605nam a2200217 i 4500
001 58463
003 ES-MaACL
005 20260524164330.0
007 t|
008 131216s1969 sp ||||1| spa d
080 _a821.134.2-31"18"
100 1 _aPereda, José María de,
_d1833-1906
_990447
245 1 0 _aSotileza /
_cJosé M. de Pereda.
250 _a4ª ed.
260 _aMadrid :
_bEspasa-Calpe,
_c1969.
300 _a224 p. ;
_c18 cm.
490 1 _aAustral ;
_v436
830 0 _aColección austral
_v436
_9177655
852 _aES-MaACL
_jE-3875
999 _c58463
_d58463